[Event "Veliko Gradiste Silver Lake op-B"]
[Site "Veliko Gradiste"]
[Date "2017.06.24"]
[Round "8"]
[White "Rakic, Miodrag"]
[Black "Korbovljanovic, Natasa"]
[Result "0-1"]
[WhiteElo "2159"]
[BlackElo "1826"]
[PlyCount "88"]
[EventDate "2017.06.18"]
[EventType "swiss"]
[EventRounds "9"]
[EventCountry "SRB"]
[SourceTitle "CBM 179 Extra"]
[Source "ChessBase"]
[SourceDate "2017.08.23"]
[SourceVersion "1"]
[SourceVersionDate "2017.08.23"]
[SourceQuality "1"]

1. d4 d5 2. c4 e6 3. Nf3 Nf6 4. g3 c6 5. Bg2 Be7 6. 0-0 0-0 7. Qc2 b6 8. Nc3 Bb7 9. e4 dxe4 10. Nxe4 Nbd7 11. Rd1 Qc8 12. Bf4 Nxe4 13. Qxe4 Nf6 14. Qe2 Rd8 15. Rac1 Bf8 16. Bg5 h6 17. Bxf6 gxf6 18. d5 c5 19. dxe6 Rxd1+ 20. Rxd1 fxe6 21. Bh3 f5 22. Re1 Kf7 23. Ne5+ Kf6 24. Rd1 Be4 25. Nd7+ Kf7 26. Qh5+ Kg7 27. Ne5 Qe8 28. Rd7+ Be7 29. Qh4 Qxd7 30. Nxd7 Bxh4 31. gxh4 Rd8 32. Ne5 Rd1+ 33. Bf1 Kf6 34. f4 Rb1 35. b3 Ra1 36. a4 Rb1 37. a5 Ke7 38. axb6 a5 39. Ng6+ Ke8 40. Kf2 Rxb3 41. Be2 Rxb6 42. Bd1 Rb4 43. Ne5 a4 44. Bh5+ Kd8 0-1

[Event "Novi Sad Serbian op"]
[Site "Novi Sad"]
[Date "2016.11.13"]
[Round "9"]
[White "Lazov, Toni"]
[Black "Rakic, Miodrag"]
[Result "1-0"]
[WhiteElo "2290"]
[BlackElo "2169"]
[PlyCount "61"]
[EventDate "2016.11.06"]
[EventType "swiss"]
[EventRounds "9"]
[EventCountry "SRB"]
[SourceTitle "CBM 175 Extra"]
[Source "ChessBase"]
[SourceDate "2016.12.12"]
[SourceVersion "1"]
[SourceVersionDate "2016.12.12"]
[SourceQuality "1"]

1. e4 e6 2. d4 d5 3. Nd2 dxe4 4. Nxe4 Bd7 5. Nf3 Bc6 6. Bd3 Nd7 7. Qe2 Ngf6 8. Neg5 Bxf3 9. Qxf3 c6 10. 0-0 h6 11. Nxe6 fxe6 12. Bg6+ Ke7 13. Qa3+ c5 14. dxc5 Qc7 15. c6+ Kd8 16. cxb7 Qxb7 17. Qh3 Qc6 18. Bf4 Bc5 19. Rad1 Ke7 20. Rfe1 Rhd8 21. Bd6+ Qxd6 22. Rxd6 Kxd6 23. Rxe6+ Kc7 24. Qg3+ Ne5 25. Qxe5+ Bd6 26. Qc3+ Kb7 27. Rxf6 gxf6 28. Be4+ Kb6 29. Qb3+ Kc5 30. Bxa8 Rxa8 31. Qe3+ 1-0

[Event "Novi Sad Serbian op"]
[Site "Novi Sad"]
[Date "2016.11.12"]
[Round "8"]
[White "Rakic, Miodrag"]
[Black "Hiebert, Kenji"]
[Result "1-0"]
[WhiteElo "2169"]
[BlackElo "1975"]
[PlyCount "113"]
[EventDate "2016.11.06"]
[EventType "swiss"]
[EventRounds "9"]
[EventCountry "SRB"]
[SourceTitle "CBM 175 Extra"]
[Source "ChessBase"]
[SourceDate "2016.12.12"]
[SourceVersion "1"]
[SourceVersionDate "2016.12.12"]
[SourceQuality "1"]

1. d4 Nf6 2. Nf3 e6 3. g3 b6 4. Bg2 Bb7 5. 0-0 Be7 6. c4 0-0 7. Nc3 Ne4 8. Qd3 Nxc3 9. Qxc3 c5 10. Rd1 d6 11. d5 exd5 12. cxd5 Nd7 13. Bf4 Re8 14. Qc2 Qc7 15. Nd4 a6 16. Nf5 Bf8 17. Qc3 Ne5 18. Bxe5 Rxe5 19. e4 g6 20. Ne3 Bg7 21. Qc2 Rae8 22. f4 R5e7 23. e5 b5 24. a4 Qb6 25. axb5 axb5 26. Ng4 h5 27. Nf2 dxe5 28. f5 Rd7 29. fxg6 fxg6 30. Be4 Rd6 31. g4 h4 32. Qd2 Qd8 33. Qe3 c4 34. Ra7 Bc8 35. h3 Re7 36. Rxe7 Qxe7 37. Qc5 Ba6 38. Ra1 Qd7 39. Qe3 Qd8 40. Qa7 Bc8 41. Qe3 Bb7 42. Qc5 Qb6 43. Qxb6 Rxb6 44. d6 Bxe4 45. Nxe4 Rb8 46. Ra7 Rd8 47. Rb7 b4 48. Kf2 c3 49. bxc3 bxc3 50. Ke3 c2 51. Kd2 Rc8 52. Rc7 c1Q+ 53. Kxc1 Rd8 54. Kc2 Kh8 55. d7 Bf8 56. Ng5 Bd6 57. Nf7+ 1-0

[Event "Novi Sad Serbian op"]
[Site "Novi Sad"]
[Date "2016.11.07"]
[Round "3"]
[White "Rakic, Miodrag"]
[Black "Obradovic, Milorad"]
[Result "1-0"]
[WhiteElo "2169"]
[BlackElo "1922"]
[PlyCount "87"]
[EventDate "2016.11.06"]
[EventType "swiss"]
[EventRounds "9"]
[EventCountry "SRB"]
[SourceTitle "CBM 175 Extra"]
[Source "ChessBase"]
[SourceDate "2016.12.12"]
[SourceVersion "1"]
[SourceVersionDate "2016.12.12"]
[SourceQuality "1"]

1. d4 f5 2. g4 d5 3. Bg2 fxg4 4. h3 g3 5. fxg3 Nf6 6. g4 g6 7. Nc3 c6 8. Qd3 Qd6 9. Bg5 Na6 10. a3 Bd7 11. Bh4 Be6 12. Bg3 Qd7 13. Nf3 Bg7 14. Ne5 Qc8 15. e4 Nc7 16. 0-0-0 0-0 17. exd5 Ncxd5 18. Ne2 Nd7 19. Qe4 Nxe5 20. dxe5 Nb6 21. Nc3 Nd5 22. Nxd5 Bxd5 23. Rxd5 cxd5 24. Qxd5+ e6 25. Qxb7 Qc5 26. Qe4 Bh6+ 27. Kb1 Rab8 28. Ka2 Rfc8 29. c3 Qb5 30. Qc2 Qc4+ 31. Ka1 Rd8 32. Rd1 Qc5 33. Rd6 Qe3 34. Qf2 Rxd6 35. exd6 Rd8 36. Qf6 Bg5 37. Qf2 Qxf2 38. Bxf2 Rxd6 39. Bxa7 e5 40. Be4 Kf7 41. Bb8 Rd1+ 42. Ka2 Re1 43. Bd5+ Ke7 44. a4 1-0

[Event "Belgrade-chT Quality"]
[Site "Belgrade"]
[Date "2016.10.01"]
[Round "1.6"]
[White "Rakic, Miodrag"]
[Black "Mikicic, Dusan"]
[Result "0-1"]
[WhiteElo "2158"]
[BlackElo "2159"]
[PlyCount "106"]
[EventDate "2016.10.01"]
[EventType "team-tourn"]
[EventRounds "11"]
[EventCountry "SRB"]
[SourceTitle "EXT 2018"]
[Source "ChessBase"]
[SourceDate "2017.10.13"]
[SourceVersion "1"]
[SourceVersionDate "2017.10.13"]
[SourceQuality "1"]

1. d4 Nf6 2. c4 c5 3. Nf3 cxd4 4. Nxd4 Nc6 5. Nc2 d5 6. e3 Bf5 7. Nc3 dxc4 8. Nd4 Nxd4 9. exd4 Be6 10. Qf3 Qd7 11. Bg5 Rc8 12. h3 Nd5 13. Be2 f6 14. Bd2 Nxc3 15. Bxc3 Bd5 16. Qg3 e6 17. 0-0 Bd6 18. Qe3 0-0 19. Rfe1 Rfe8 20. Bh5 g6 21. Bf3 b5 22. a3 Kg7 23. h4 Qc6 24. Bxd5 Qxd5 25. Qh3 h5 26. Rad1 Kf7 27. Rd2 Qf5 28. Qh1 Rcd8 29. g3 Qd5 30. Qh3 f5 31. f4 Ra8 32. Qg2 a5 33. Qxd5 exd5 34. Rxe8 Kxe8 35. Re2+ Kd7 36. Be1 b4 37. a4 Rc8 38. Rc2 Re8 39. Kf1 Re4 40. Bf2 Bc7 41. Rd2 Bb6 42. Rd1 Kd6 43. Rd2 c3 44. bxc3 bxc3 45. Rd1 Bxd4 46. Rxd4 c2 47. Rxe4 c1Q+ 48. Re1 Qc4+ 49. Kg2 Qxa4 50. Re2 Qc4 51. Rd2 a4 52. Bd4 a3 53. Be5+ Kc6 0-1

[Event "Belgrade Trophy 29th"]
[Site "Belgrade"]
[Date "2015.11.29"]
[Round "6"]
[White "Masic, Predrag"]
[Black "Rakic, Miodrag"]
[Result "1-0"]
[WhiteElo "2341"]
[BlackElo "2155"]
[PlyCount "71"]
[EventDate "2015.11.24"]
[EventType "swiss"]
[EventRounds "9"]
[EventCountry "SRB"]
[SourceTitle "CBM 169 Extra"]
[Source "ChessBase"]
[SourceDate "2015.12.18"]
[SourceVersion "1"]
[SourceVersionDate "2015.12.18"]
[SourceQuality "1"]

1. e4 e6 2. d4 d5 3. e5 c5 4. c3 Nc6 5. Nf3 Qb6 6. a3 a5 7. Bd3 Bd7 8. dxc5 Bxc5 9. 0-0 a4 10. Nbd2 Na5 11. Bc2 Nc4 12. Nxc4 dxc4 13. Nd4 Qc7 14. Re1 Ne7 15. Be4 Bxd4 16. Qxd4 Rc8 17. Bg5 h6 18. Bh4 g5 19. Bg3 b5 20. Rad1 Bc6 21. f3 Bxe4 22. Qxe4 Nd5 23. Qg4 Rd8 24. f4 Qe7 25. f5 exf5 26. Qxf5 Qe6 27. Qf3 0-0 28. Rd4 Rd7 29. h4 Rfd8 30. hxg5 hxg5 31. Qh5 Ne7 32. Rd6 Qf5 33. Rf1 Qh7 34. Qxh7+ Kxh7 35. Rxf7+ Kg8 36. Rxe7 1-0

[Event "Belgrade Trophy 29th"]
[Site "Belgrade"]
[Date "2015.11.28"]
[Round "5"]
[White "Rakic, Miodrag"]
[Black "Petrovic, Aleksa"]
[Result "1-0"]
[WhiteElo "2155"]
[BlackElo "1584"]
[PlyCount "37"]
[EventDate "2015.11.24"]
[EventType "swiss"]
[EventRounds "9"]
[EventCountry "SRB"]
[SourceTitle "CBM 170 Extra"]
[Source "ChessBase"]
[SourceDate "2016.02.25"]
[SourceVersion "1"]
[SourceVersionDate "2016.02.25"]
[SourceQuality "1"]

1. d4 Nf6 2. c4 c6 3. Nc3 d6 4. Nf3 Qc7 5. h3 Nbd7 6. e4 g6 7. Be3 Bg7 8. Rc1 0-0 9. b4 e5 10. d5 h6 11. Qd2 Kh7 12. g4 Ne8 13. c5 Nb8 14. Bd3 a5 15. a3 axb4 16. axb4 Na6 17. Ra1 Rb8 18. Ke2 Rh8 19. dxc6 1-0

[Event "Belgrade Trophy 29th"]
[Site "Belgrade"]
[Date "2015.11.25"]
[Round "2"]
[White "Rakic, Miodrag"]
[Black "Abramovic, Bosko"]
[Result "1/2-1/2"]
[WhiteElo "2155"]
[BlackElo "2426"]
[PlyCount "91"]
[EventDate "2015.11.24"]
[EventType "swiss"]
[EventRounds "9"]
[EventCountry "SRB"]
[SourceTitle "CBM 169 Extra"]
[Source "ChessBase"]
[SourceDate "2015.12.18"]
[SourceVersion "1"]
[SourceVersionDate "2015.12.18"]
[SourceQuality "1"]

1. g3 c5 2. Bg2 Nc6 3. e4 g6 4. Ne2 Bg7 5. c3 e5 6. Na3 Nge7 7. Nc4 d5 8. exd5 Nxd5 9. 0-0 0-0 10. Ne3 Be6 11. Nc2 f5 12. f4 exf4 13. Nxf4 Nxf4 14. gxf4 Bd5 15. Bxd5+ Qxd5 16. Ne3 Qd7 17. Qe2 b6 18. Rb1 Rfe8 19. a3 Re4 20. d3 Re6 21. Qc2 Rae8 22. Rf3 Bd4 23. Qf2 Bxe3 24. Rxe3 Rxe3 25. Bxe3 Qxd3 26. Re1 Re4 27. Bd2 Ne7 28. Qh4 Qxd2 29. Rxe4 fxe4 30. Qxe7 Qe3+ 31. Kg2 Qf3+ 32. Kg1 Qg4+ 33. Kf2 Qxf4+ 34. Ke2 e3 35. Qxa7 c4 36. Qa8+ Kg7 37. Qb7+ Kh6 38. Qg2 Qf2+ 39. Qxf2 exf2 40. Kxf2 g5 41. Ke3 g4 42. Kd4 Kg5 43. Kxc4 h5 44. Kd3 Kf4 45. Ke2 h4 46. a4 1/2-1/2

[Event "Grocka op"]
[Site "Grocka"]
[Date "2015.07.30"]
[Round "8"]
[White "Sarovski, Nikola"]
[Black "Rakic, Miodrag"]
[Result "1-0"]
[WhiteElo "1898"]
[BlackElo "2198"]
[PlyCount "61"]
[EventDate "2015.07.23"]
[EventType "swiss"]
[EventRounds "9"]
[EventCountry "SRB"]
[SourceTitle "EXT 2016"]
[Source "ChessBase"]
[SourceDate "2015.10.08"]
[SourceVersion "1"]
[SourceVersionDate "2015.10.08"]
[SourceQuality "1"]

1. e4 Nf6 2. e5 Nd5 3. c4 Nb6 4. c5 Nd5 5. Nc3 Nxc3 6. dxc3 d6 7. Bc4 Nc6 8. Nf3 e6 9. Bg5 Qd7 10. Qe2 h6 11. Bh4 d5 12. b4 g5 13. Nxg5 hxg5 14. Bxg5 Bg7 15. f4 Nxe5 16. fxe5 dxc4 17. Rd1 Qd5 18. Rxd5 exd5 19. c6 b6 20. h4 a5 21. b5 a4 22. h5 Bf5 23. h6 Bf8 24. e6 Bxe6 25. Qe5 Rh7 26. Qxc7 Bc5 27. Kd2 Kf8 28. Bf6 Bf5 29. Rh5 Be6 30. Qg3 Be7 31. Qg7+ 1-0

[Event "Grocka op"]
[Site "Grocka"]
[Date "2015.07.24"]
[Round "2"]
[White "Radlovacki, Jovan"]
[Black "Rakic, Miodrag"]
[Result "1-0"]
[WhiteElo "2393"]
[BlackElo "2198"]
[PlyCount "105"]
[EventDate "2015.07.23"]
[EventType "swiss"]
[EventRounds "9"]
[EventCountry "SRB"]
[SourceTitle "EXT 2016"]
[Source "ChessBase"]
[SourceDate "2015.10.08"]
[SourceVersion "1"]
[SourceVersionDate "2015.10.08"]
[SourceQuality "1"]

1. e4 e6 2. d4 d5 3. Nd2 dxe4 4. Nxe4 Bd7 5. Nf3 Bc6 6. Bd3 Nd7 7. 0-0 Ngf6 8. Ng3 Bd6 9. Re1 0-0 10. Ne5 Re8 11. c3 Bf8 12. Nxc6 bxc6 13. Bc2 c5 14. Ba4 cxd4 15. Qxd4 c5 16. Qh4 Nd5 17. Qh3 Qc7 18. Ne4 Red8 19. Bg5 Be7 20. Bxe7 Nxe7 21. Bxd7 Qxd7 22. Nxc5 Qd2 23. Nxe6 fxe6 24. Qxe6+ Kh8 25. Re2 Qd3 26. Qxe7 h6 27. Qe3 Qb5 28. Rae1 a5 29. h3 a4 30. Qg3 Rd5 31. Qg6 Rg8 32. Re8 Rd8 33. Rxd8 Rxd8 34. Qc2 Rf8 35. c4 Qb4 36. Re2 Rc8 37. a3 Qa5 38. c5 Qb5 39. Re5 Kg8 40. Qc3 Qd7 41. Kh2 Qf7 42. Qe3 Qc4 43. Re4 Qc2 44. Re8+ Rxe8 45. Qxe8+ Kh7 46. Qe5 g6 47. f3 Qc1 48. Qd6 h5 49. c6 Qxb2 50. c7 Qc1 51. Qd7+ Kh6 52. c8Q Qf4+ 53. Kh1 1-0

[Event "Belgrade-chT Quality"]
[Site "Belgrade"]
[Date "2011.10.16"]
[Round "2"]
[White "Rakic, Miodrag"]
[Black "Vujicic, Mirko"]
[Result "0-1"]
[WhiteElo "2194"]
[BlackElo "2299"]
[PlyCount "54"]
[EventDate "2011.10.15"]
[EventType "team-swiss"]
[EventRounds "11"]
[EventCountry "SRB"]
[SourceTitle "EXT 2012"]
[Source "ChessBase"]
[SourceDate "2011.11.24"]
[SourceVersion "1"]
[SourceVersionDate "2011.11.24"]
[SourceQuality "1"]

1. d4 Nf6 2. c4 g6 3. Nc3 d5 4. cxd5 Nxd5 5. e4 Nxc3 6. bxc3 Bg7 7. Be3 0-0 8. Bc4 c5 9. Nf3 Nc6 10. Qd2 cxd4 11. cxd4 Bg4 12. e5 Bxf3 13. gxf3 Rc8 14. Rc1 e6 15. f4 Ne7 16. Qb4 Rc7 17. Ke2 Nc6 18. Qb2 Qh4 19. d5 Nxe5 20. fxe5 Rxc4 21. d6 Qh5+ 22. f3 Bxe5 23. Qxb7 Rxc1 24. Bxc1 Bxd6 25. Qxa7 Qb5+ 26. Ke1 Bb4+ 27. Bd2 Qe5+ 0-1

[Event "Belgrade tt Cup"]
[Site "Belgrade"]
[Date "2011.04.16"]
[Round "4"]
[White "Rakic, Miodrag"]
[Black "Matic, Petar"]
[Result "1/2-1/2"]
[WhiteElo "2178"]
[BlackElo "2262"]
[PlyCount "27"]
[EventDate "2011.04.13"]
[EventType "team-tourn"]
[EventRounds "5"]
[EventCountry "SRB"]
[SourceTitle "CBM 141 Extra"]
[Source "ChessBase"]
[SourceDate "2011.05.03"]
[SourceVersion "1"]
[SourceVersionDate "2011.05.03"]
[SourceQuality "1"]

1. d4 Nf6 2. Nf3 c5 3. d5 g6 4. c4 Bg7 5. Nc3 0-0 6. e4 d6 7. h3 e6 8. Bd3 exd5 9. cxd5 Re8 10. Kf1 a6 11. Qa4 Nbd7 12. Be3 Nh5 13. Bd2 Ne5 14. Nxe5 1/2-1/2

[Event "Belgrade Trophy 23rd"]
[Site "Obrenovac"]
[Date "2010.11.28"]
[Round "5"]
[White "Jovanovic, Slobodan"]
[Black "Rakic, Miodrag"]
[Result "1-0"]
[WhiteElo "2073"]
[BlackElo "2214"]
[PlyCount "37"]
[EventDate "2010.11.24"]
[EventType "swiss"]
[EventRounds "9"]
[EventCountry "YUG"]
[SourceTitle "CBM 139 Extra"]
[Source "ChessBase"]
[SourceDate "2011.01.05"]
[SourceVersion "1"]
[SourceVersionDate "2011.01.05"]
[SourceQuality "1"]

1. e4 c6 2. Nf3 g6 3. c3 Bg7 4. Bc4 d5 5. exd5 cxd5 6. Bb3 e5 7. 0-0 Ne7 8. d4 e4 9. Ne5 Nbc6 10. Ng4 h5 11. Ne3 f5 12. Nc2 Qd6 13. f3 Na5 14. fxe4 dxe4 15. Bg5 Qb6 16. Ba4+ Nac6 17. Ne3 Bd7 18. Nc4 Qa6 19. Bb5 1-0

[Event "Belgrade tt Cup"]
[Site "Belgrade"]
[Date "2010.04.17"]
[Round "4.7"]
[White "Rakic, Miodrag"]
[Black "Cvetkovic, Srdjan"]
[Result "1/2-1/2"]
[WhiteElo "2208"]
[BlackElo "2398"]
[PlyCount "107"]
[EventDate "2010.04.14"]
[EventType "team-tourn"]
[EventRounds "5"]
[EventCountry "SRB"]
[SourceTitle "EXT 2012"]
[Source "ChessBase"]
[SourceDate "2011.11.24"]
[SourceVersion "1"]
[SourceVersionDate "2011.11.24"]
[SourceQuality "1"]

1. d4 Nf6 2. c4 e6 3. Nf3 d5 4. g3 dxc4 5. Qa4+ c6 6. Qxc4 b5 7. Qc2 Bb7 8. Bg2 Nbd7 9. Nc3 c5 10. dxc5 Bxc5 11. 0-0 Rc8 12. a3 Qb6 13. b4 Bxf2+ 14. Rxf2 Ne4 15. e3 Nxf2 16. Kxf2 Nf6 17. Qd3 Rxc3 18. Qd4 Qxd4 19. Nxd4 Ng4+ 20. Kg1 Bxg2 21. Kxg2 0-0 22. Kf3 Nxh2+ 23. Ke2 a6 24. Bd2 Rc4 25. a4 e5 26. axb5 axb5 27. Nxb5 Rd8 28. Ra2 f5 29. Na3 Rxd2+ 30. Kxd2 Rxb4 31. Kc3 Ra4 32. Kb3 Re4 33. Nc4 Nf1 34. Ra8+ Kf7 35. Nd6+ Kg6 36. Nxe4 fxe4 37. Re8 Nxg3 38. Kc3 h5 39. Kd2 Kf5 40. Ke1 g5 41. Kf2 h4 42. Kg2 Kg4 43. Rxe5 h3+ 44. Kh2 Kh4 45. Re8 Nf1+ 46. Kh1 g4 47. Kg1 Nd2 48. Rg8 Nf3+ 49. Kh1 Kg3 50. Rf8 Ne1 51. Rh8 Kf2 52. Rf8+ Nf3 53. Rg8 Kxe3 54. Rxg4 1/2-1/2

[Event "Belgrade-ch"]
[Site "Belgrade"]
[Date "2010.01.28"]
[Round "6"]
[White "Rakic, Miodrag"]
[Black "Adamovic, Strahinja"]
[Result "1/2-1/2"]
[WhiteElo "2198"]
[BlackElo "2094"]
[PlyCount "109"]
[EventDate "2010.01.23"]
[EventType "swiss"]
[EventRounds "9"]
[EventCountry "YUG"]
[SourceTitle "CBM 134 Extra"]
[Source "ChessBase"]
[SourceDate "2010.03.03"]
[SourceVersion "1"]
[SourceVersionDate "2010.03.03"]
[SourceQuality "1"]

1. d4 Nf6 2. c4 g6 3. Nc3 Bg7 4. e4 d6 5. h3 0-0 6. Be3 c5 7. Nf3 cxd4 8. Nxd4 Nc6 9. Nf3 Qa5 10. Qd2 Nd7 11. Be2 Nc5 12. 0-0 Bxc3 13. bxc3 Nxe4 14. Qc2 Bf5 15. Bd3 Qxc3 16. g4 Qxc2 17. Bxc2 Ng5 18. gxf5 Nxf3+ 19. Kg2 Nfd4 20. Bd3 Kg7 21. Rab1 Rab8 22. fxg6 hxg6 23. Be4 f5 24. Bxd4+ Nxd4 25. Bxb7 f4 26. Rfd1 f3+ 27. Kh2 Rf4 28. Re1 Kf6 29. a4 a5 30. Kg3 Ne2+ 31. Kh2 Rh8 32. Rb3 Nd4 33. Rbe3 Rfh4 34. Bxf3 Rxh3+ 35. Kg2 Nxf3 36. Rxf3+ Rxf3 37. Kxf3 Rh3+ 38. Ke4 Ra3 39. Kd5 Rxa4 40. Re3 e6+ 41. Rxe6+ Kf5 42. Rxd6 Ra1 43. Ra6 a4 44. c5 a3 45. c6 a2 46. c7 Rd1+ 47. Kc6 Rc1+ 48. Kd7 Rd1+ 49. Ke7 Rc1 50. Ra5+ Kf4 51. Kd6 Rd1+ 52. Ke6 Rc1 53. Ra4+ Kf3 54. Ra3+ Kf4 55. Ra4+ 1/2-1/2

[Event "Belgrade op"]
[Site "Belgrade"]
[Date "2009.12.02"]
[Round "9"]
[White "Rakic, Miodrag"]
[Black "Bulatovic, Ilija"]
[Result "1/2-1/2"]
[WhiteElo "2195"]
[BlackElo "1975"]
[PlyCount "116"]
[EventDate "2009.11.24"]
[EventType "swiss"]
[EventRounds "9"]
[EventCountry "YUG"]
[SourceTitle "CBM 133 Extra"]
[Source "ChessBase"]
[SourceDate "2010.01.05"]
[SourceVersion "1"]
[SourceVersionDate "2010.01.05"]
[SourceQuality "1"]

1. d4 Nf6 2. Nf3 c5 3. e3 g6 4. Bd3 Bg7 5. 0-0 d5 6. b3 0-0 7. Bb2 Nc6 8. a3 cxd4 9. exd4 Ne4 10. Nbd2 Bf5 11. Re1 Nd6 12. Nf1 Bg4 13. Be2 Bxf3 14. Bxf3 Nf5 15. c3 e6 16. Ne3 Qb6 17. Nxf5 gxf5 18. b4 a6 19. Qd2 Na7 20. a4 Nc8 21. Qg5 Nd6 22. Qg3 Kh8 23. Bc1 Rg8 24. Qh4 Rac8 25. Bd2 Ne8 26. Bh5 Bf6 27. Qh3 Nd6 28. Bf3 Bg5 29. Bxg5 Rxg5 30. Rac1 Qd8 31. Kh1 Qf6 32. Qh4 Rg6 33. Qf4 Ne4 34. Bxe4 fxe4 35. Qxf6+ Rxf6 36. Kg1 Rg6 37. Kf1 Rcg8 38. g3 Rc8 39. c4 dxc4 40. Rxe4 Rg5 41. Ke2 b5 42. Kd2 bxa4 43. Re5 Rxe5 44. dxe5 a5 45. Kc3 axb4+ 46. Kxb4 a3 47. Kxa3 Ra8+ 48. Kb2 Rc8 49. Kc3 Kg7 50. Rd1 Kg6 51. Rd4 Rc5 52. f4 Kf5 53. Rxc4 Rxc4+ 54. Kxc4 Kg4 55. Kc5 Kh3 56. Kd6 Kxh2 57. g4 Kh3 58. f5 Kxg4 1/2-1/2

[Event "Belgrade op"]
[Site "Belgrade"]
[Date "2009.12.01"]
[Round "8"]
[White "Sarenac, Ivan"]
[Black "Rakic, Miodrag"]
[Result "1-0"]
[WhiteElo "2341"]
[BlackElo "2195"]
[PlyCount "83"]
[EventDate "2009.11.24"]
[EventType "swiss"]
[EventRounds "9"]
[EventCountry "YUG"]
[SourceTitle "CBM 133 Extra"]
[Source "ChessBase"]
[SourceDate "2010.01.05"]
[SourceVersion "1"]
[SourceVersionDate "2010.01.05"]
[SourceQuality "1"]

1. e4 g6 2. d4 Bg7 3. Nc3 c6 4. Be3 d5 5. Qd2 Qa5 6. exd5 cxd5 7. Bb5+ Kf8 8. Nf3 a6 9. Bd3 Nc6 10. h3 f6 11. Be2 Be6 12. Nh4 Bf7 13. f4 f5 14. g4 e6 15. 0-0-0 Nf6 16. Kb1 b5 17. Bd3 b4 18. Ne2 Rc8 19. Nf3 fxg4 20. Ne5 gxh3 21. Rxh3 Ke7 22. Nc1 Rhf8 23. Nb3 Qb6 24. Nc5 a5 25. Bf2 Bg8 26. Re1 Nxe5 27. fxe5 Nd7 28. Qg5+ Ke8 29. Bh4 Rf7 30. Rf3 Bh6 31. Qxh6 Rxf3 32. Qg7 Bf7 33. Nxd7 Kxd7 34. Bf6 Ke8 35. Qh8+ Kd7 36. Qg7 Ke8 37. Qh8+ Kd7 38. Qxh7 Rf8 39. Bxg6 Ke8 40. Bxf7+ Rxf7 41. Qh8+ Rf8 42. Qh5+ 1-0

[Event "Belgrade tt Cup"]
[Site "Belgrade"]
[Date "2009.04.11"]
[Round "4"]
[White "Veljkovic, Milic"]
[Black "Rakic, Miodrag"]
[Result "1-0"]
[WhiteElo "2251"]
[BlackElo "2239"]
[PlyCount "88"]
[EventDate "2009.04.08"]
[EventType "team-tourn"]
[EventRounds "5"]
[EventCountry "YUG"]
[SourceTitle "CBM 129 Extra"]
[Source "ChessBase"]
[SourceDate "2009.05.05"]
[SourceVersion "2"]
[SourceVersionDate "2009.05.20"]
[SourceQuality "1"]

1. e4 g6 2. d4 Bg7 3. Nc3 c6 4. Nf3 d5 5. Bf4 dxe4 6. Nxe4 Nf6 7. Nxf6+ Bxf6 8. Qd2 Qd5 9. Be2 Bg4 10. c3 Nd7 11. 0-0 Nb6 12. h3 Bf5 13. b3 0-0 14. c4 Qd8 15. Rad1 Bg7 16. Bh6 Re8 17. Bxg7 Kxg7 18. Nh4 Be6 19. f4 f6 20. Qe3 Bf7 21. Qg3 Kh8 22. Nf3 Qc7 23. Qh4 Kg7 24. Nh2 h5 25. Qf2 a5 26. a4 Nd7 27. h4 f5 28. Qe3 c5 29. Nf3 Ra6 30. Ng5 cxd4 31. Qxd4+ Nf6 32. c5 Raa8 33. Bc4 Rad8 34. Qe5 Qxe5 35. fxe5 Bxc4 36. Rxd8 Rxd8 37. bxc4 Rc8 38. exf6+ exf6 39. Nf3 Rxc5 40. Nd2 g5 41. Rb1 Rc7 42. Rb5 Kg6 43. Rxa5 b6 44. Rd5 Ra7 1-0

[Event "Belgrade tt Cup"]
[Site "Belgrade"]
[Date "2009.04.10"]
[Round "3"]
[White "Rakic, Miodrag"]
[Black "Nikolic, Milos"]
[Result "1-0"]
[WhiteElo "2239"]
[BlackElo "2297"]
[PlyCount "97"]
[EventDate "2009.04.08"]
[EventType "team-tourn"]
[EventRounds "5"]
[EventCountry "YUG"]
[SourceTitle "CBM 129 Extra"]
[Source "ChessBase"]
[SourceDate "2009.05.05"]
[SourceVersion "2"]
[SourceVersionDate "2009.05.20"]
[SourceQuality "1"]

1. d4 c5 2. d5 e5 3. Nf3 d6 4. c4 g6 5. Nc3 Bg7 6. h3 Ne7 7. g4 0-0 8. e4 f5 9. gxf5 gxf5 10. Ng5 f4 11. h4 h6 12. Ne6 Bxe6 13. dxe6 Nbc6 14. Rg1 Kh7 15. Bh3 Nd4 16. Bd2 Bf6 17. Nb5 Rg8 18. Rxg8 Qxg8 19. Nxd4 cxd4 20. Qh5 Qg6 21. Qxg6+ Kxg6 22. Bb4 Rd8 23. Ke2 Bxh4 24. Rg1+ Kf6 25. c5 d3+ 26. Kf3 d5 27. exd5 Rxd5 28. Rd1 Nc6 29. Bc3 Rd8 30. Rd2 Ke7 31. Ke4 Bf6 32. b4 a6 33. f3 Nxb4 34. Bxb4 Rd4+ 35. Kf5 Rxb4 36. Rxd3 Bg5 37. Rd7+ Ke8 38. Kxe5 Be7 39. Bf5 Kf8 40. Rc7 Rb5 41. Kd4 Rb4+ 42. Kd5 Rb5 43. Bd3 Rb4 44. Be4 Rb5 45. Kc4 b6 46. c6 Rc5+ 47. Kd4 h5 48. Rb7 h4 49. Rxb6 1-0

[Event "Belgrade-ch"]
[Site "Belgrade"]
[Date "2009.02.01"]
[Round "9"]
[White "Rakic, Miodrag"]
[Black "Trailovic, Aleksandar"]
[Result "0-1"]
[WhiteElo "2237"]
[BlackElo "2074"]
[PlyCount "46"]
[EventDate "2009.01.24"]
[EventType "swiss"]
[EventRounds "9"]
[EventCountry "YUG"]
[SourceTitle "CBM 128 Extra"]
[Source "ChessBase"]
[SourceDate "2009.03.05"]
[SourceVersion "2"]
[SourceVersionDate "2009.03.25"]
[SourceQuality "1"]

1. d4 Nf6 2. c4 c5 3. d5 b5 4. g3 d6 5. Bg2 g6 6. Nh3 Bg7 7. Nf4 Nbd7 8. h4 h5 9. Ne6 fxe6 10. dxe6 Nb6 11. Bc6+ Kf8 12. Bxa8 Nxa8 13. cxb5 Bxe6 14. Qa4 Qb8 15. Nc3 Qb7 16. f3 Nc7 17. Bd2 Kf7 18. Qa5 Rb8 19. a4 Ra8 20. e4 Nd7 21. e5 Nxe5 22. Ne4 Nc4 23. Ng5+ Kg8 0-1